00642 a2200181 4500020001500000040001700015082001500032100002100047245008500068250001900153260004500172300003500217490003000252650005200282650005200334700002000386830005400406 a0534371736 aDLCbEnglish00a621.382/161 aProakis, John G.10aContemporary communication systems using MATLABcJohn G. Proakis, Masoud Salehi. aUpdated print. aPacific Grove, CA :bBrooks/Cole,c2000. axiii, 428 p. :bill. ;c23 cm.1 aBookWare companion series 0aData transmission systemsxComputer simulation. 0aTelecommunication systemsxComputer simulation.1 aSalehi, Masoud. 0aBookWare companion series (Pacific Grove, Calif.)